Statistics for Count as High as You Can - 15 Second Sprint

Click here to take the quiz!

General Stats

  • This quiz has been taken 127,472 times
    (72,076 since last reset)
  • The average score is 26 of 100

Answer Stats

#% Correct
1
100%
2
99%
3
99%
4
98%
5
97%
6
97%
7
96%
8
96%
9
96%
10
93%
11
91%
12
89%
13
88%
14
86%
15
85%
16
84%
17
82%
18
81%
19
79%
20
74%
21
70%
22
66%
23
62%
24
59%
25
56%
26
53%
27
50%
28
48%
29
45%
30
37%
31
32%
32
29%
33
25%
34
21%
35
18%
36
16%
37
14%
38
13%
39
11%
40
8%
41
6%
42
5%
43
4%
44
4%
45
3%
46
2%
47
2%
48
2%
49
2%
50
1%
51
1%
52
1%
53
1%
54
1%
55
1%
100
0%
56
0%
57
0%
58
0%
59
0%
60
0%
61
0%
62
0%
63
0%
64
0%
65
0%
66
0%
67
0%
68
0%
69
0%
70
0%
71
0%
72
0%
73
0%
74
0%
75
0%
76
0%
77
0%
78
0%
79
0%
80
0%
81
0%
82
0%
83
0%
84
0%
85
0%
86
0%
87
0%
88
0%
89
0%
90
0%
91
0%
92
0%
93
0%
94
0%
95
0%
96
0%
97
0%
98
0%
99
0%

Score Distribution

Percentile by Number Answered

Percent of People with Each Score

Your Score History

You have not taken this quiz since the last reset